000 01406nam a2200277Ia 4500
999 _c45863
_d45863
001 12692
003 GE_BSU
005 20240701120948.0
008 181216s2012||||geo|||||||||||||| ||ge ||
020 _a9789941414756
020 _cნაჩუქარი
040 _cGE_BSU
041 _ageo
080 _a616.314.16 გ-59
100 _aგოგილაშვილი, ქეთევან
_922632
245 _aბაზისური და კლინიკური ენდოდონტია :
_b [სახელმძღვ.] /
_cეთევან გოგილაშვილი, სოფიო სამხარაძე ; [ილიას სახელმწ. უნ-ტი, საქ. სტომატოლოგთა ასოციაცია]..
264 _aთბილისი :
_bსიესტა,
_c2012.
300 _a406 გვ. :
_bსურ. ;
_c24 სმ.
504 _aბიბლიოგრ. : გვ. 380-381
653 _aბაზისური და კლინიკური ენდოდონტია
653 _aენდოდონტია
700 _aსამხარაძე, სოფიო
_eავტორი
_910179
710 _aილიას სახელმწ. უნ-ტი
_922633
710 _aსაქ. სტომატოლოგთა ასოციაცია
_922634
942 _cBK
_2udc